[Event "TUR Cup"]
[Site "Antalya"]
[Date "2020.01.30"]
[Round "8"]
[White "Ozsarilar, Osman Nuri"]
[Black "Saglam, Baver"]
[Result "1-0"]
[WhiteElo "1724"]
[BlackElo "1364"]
[PlyCount "105"]
[EventDate "2020.01.26"]
[EventType "swiss"]
[EventRounds "11"]
[EventCountry "TUR"]
[SourceTitle "CBM 194 Extra"]
[Source "ChessBase"]
[SourceDate "2020.03.31"]
[SourceVersion "1"]
[SourceVersionDate "2020.03.31"]
[SourceQuality "1"]

1. e4 e5 2. Nf3 Nf6 3. d4 exd4 4. e5 Ne4 5. Nxd4 Bc5 6. c3 Qh4 7. Qf3 Ng5 8. Qg3 Qxg3 9. hxg3 Ne6 10. Be3 Nxd4 11. cxd4 Bb4+ 12. Nc3 0-0 13. Bd3 h6 14. Ke2 Bxc3 15. bxc3 b6 16. Rh4 Bb7 17. Rah1 Re8 18. Rg4 Kf8 19. f4 d6 20. c4 Nd7 21. Kd2 Bxg2 22. Rh2 Bf3 23. Rgh4 dxe5 24. fxe5 h5 25. Bf5 Rad8 26. Bg5 f6 27. exf6 Nxf6 28. Rf4 Bb7 29. Bxf6 gxf6 30. Rxh5 Ba6 31. Rh8+ Kg7 32. Rh7+ Kf8 33. Rxc7 Re7 34. Rxe7 Kxe7 35. Kc3 Bb7 36. Rh4 Rf8 37. d5 Rf7 38. Kd4 Rg7 39. Re4+ Kd8 40. g4 Bc8 41. Bxc8 Kxc8 42. Ke3 Kd7 43. Kf4 Rf7 44. Kf5 b5 45. c5 Rf8 46. Re6 Rc8 47. c6+ Kc7 48. Kxf6 Rd8 49. Ke5 a5 50. Re7+ Kc8 51. Ra7 Re8+ 52. Kd6 Rd8+ 53. Kc5 1-0

[Event "TUR-chT2"]
[Site "Konya"]
[Date "2018.07.14"]
[Round "8.25"]
[White "Yildiz, Eyup Ensar"]
[Black "Saglam, Baver"]
[Result "0-1"]
[WhiteElo "1599"]
[BlackElo "1305"]
[PlyCount "66"]
[EventDate "2018.07.10"]
[EventType "team-swiss"]
[EventRounds "9"]
[EventCountry "TUR"]
[SourceTitle "EXT 2019"]
[Source "ChessBase"]
[SourceDate "2018.10.10"]
[SourceVersion "1"]
[SourceVersionDate "2018.10.10"]
[SourceQuality "1"]
[WhiteTeam "Atak Genclik Kirsehi"]
[BlackTeam "Cendosk Cendere Doga"]
[WhiteTeamCountry "TUR"]
[BlackTeamCountry "TUR"]

1. e4 e5 2. Nf3 Nc6 3. Bc4 Bc5 4. Nc3 Nf6 5. 0-0 0-0 6. d3 h6 7. Re1 d6 8. h3 a6 9. Ne2 Na5 10. Bb3 Nxb3 11. axb3 Bb6 12. Ng3 Nh7 13. c3 Qe7 14. b4 Rd8 15. Qc2 Qf6 16. Be3 Bxh3 17. Nxe5 dxe5 18. gxh3 Ng5 19. Bxg5 Qxg5 20. Kh2 Qf4 21. Kg2 Rd6 22. c4 Rad8 23. c5 Rxd3 24. cxb6 Rxg3+ 25. fxg3 Rd2+ 26. Qxd2 Qxd2+ 27. Kf3 cxb6 28. Red1 Qxb2 29. Rd8+ Kh7 30. Rad1 Qxb4 31. R8d7 Kg6 32. Rxb7 Qb3+ 33. Ke2 Qc2+ 0-1